Teikaihatsukoku ni okeru gijutsu sentaku no puroguramu /
Disimpan dalam:
| Pengarang Utama: | |
|---|---|
| Format: | Buku |
| Bahasa: | Japanese |
| Diterbitkan: |
Tōkyō :
Ajia Keizai Kenkyūjo,
Shōwa 37 [1962]
|
| Siri: | Kenkyū sankō shiryō ;
dai 23-shū. Ajia Keizai Kenkyūjo shuppanbutsu ; tsūkan dai 182-gō. |
| Subjek-subjek: | |
| Penanda-penanda: |
Tambah Penanda
Tiada Penanda, Jadilah orang pertama menanda rekod ini!
|
| LEADER | 01503cam a2200349 i 4500 | ||
|---|---|---|---|
| 001 | 007787486-2 | ||
| 005 | 20024617115958.0 | ||
| 008 | 890711s1962 ja a b 000 0 jpn | ||
| 010 | |a j 64000125 | ||
| 035 | 0 | |a ocm23322713 | |
| 040 | |a DLC |c MiU |d OCoLC |d *YNH* |d CStRLIN | ||
| 050 | 0 | 0 | |a HD85 |b .S15 |
| 100 | 1 | |6 880-01 |a Sakashita, Noboru, |d 1933- | |
| 245 | 1 | 0 | |6 880-02 |a Teikaihatsukoku ni okeru gijutsu sentaku no puroguramu / |c Sakashita Noboru cho. |
| 260 | |6 880-03 |a Tōkyō : |b Ajia Keizai Kenkyūjo, |c Shōwa 37 [1962] | ||
| 300 | |a iii, 140 p. : |b diagrs., tables ; |c 25 cm. | ||
| 490 | 1 | |6 880-04 |a Kenkyū sankō shiryō ; |v dai 23-shū | |
| 490 | 1 | |6 880-05 |a Ajia Keizai Kenkyūjo shuppanbutsu ; |v tsūkan dai 182-gō | |
| 504 | |a Includes bibliographies. | ||
| 650 | 0 | |a Economic development |x Mathematical models. | |
| 651 | 0 | |a Developing countries. | |
| 880 | 1 | |6 100-01 |a 坂下昇, |d 1933- | |
| 880 | 1 | 0 | |6 245-02 |a 低開発国のおける技術選択のプログラム / |c 坂下昇著. |
| 880 | |6 260-03 |a 東京 : |b アジア経済研究所, |c 昭和37 [1962] | ||
| 880 | 1 | |6 490-04 |a 研究参考資料 ; |v 第23集 | |
| 880 | 1 | |6 490-05 |a アジア経済研究所出版物 ; |v 通卷第182号 | |
| 830 | 0 | |6 880-54 |a Kenkyū sankō shiryō ; |v dai 23-shū. | |
| 880 | 0 | |6 830-54 |a 研究参考資料 ; |v 第23集. | |
| 830 | 0 | |6 880-55 |a Ajia Keizai Kenkyūjo shuppanbutsu ; |v tsūkan dai 182-gō. | |
| 880 | 0 | |6 830-55 |a アジア経済研究所出版物 ; |v 通卷第182号. | |
| 988 | |a 20021214 | ||
| 906 | |0 DLC | ||


